000 01173nam0a22002891 4500
001 v19\rc\1763760
005 20260407121943.0
035 _a(NLR Aleph) 004888201
090 _a5242566
_c5242566
100 _a20061204d1903 |||y0rusy50 ca
101 0 _arus
102 _aRU
105 _ay z |||||
200 1 _aНаставление для ухода за лошадью
_eПо Уставу внутр. службы. 1902 г.
210 _aСанкт-Петербург
_cВ. Березовский
_d1903
215 _a40 с.
_d15
604 _150010$aУстав внутренней службы
_171001$aРоссия$bВоенные уставы и наставления
_tУстав внутренней службы
_aРоссия. Военные уставы и наставления
740 1 _aРоссия
_tВоенные уставы и наставления
_3RU\NLR\AUTH\889957977
_9412039
801 0 _aRU
_bNLR
_gpsbo
801 0 _aRU
_bRuMoRGB
_2psbo
801 1 _aRU
_bProSoft-M
_2rusmarc
852 _aNLR
_j34.83.4.163
899 _aRuMoRGB
_jW 525/862
899 _aRuMoRGB
_jΔ 398/346
899 _aRuMoRGB
_jΔ 458/109
942 _cBOOK
980 _aNB